000 00966 a2200265 4500
003 NUST
020 _a0-7432-9582-X
020 _a978-0-7432-9582-6
038 _aAZHAR
040 _aDLC
_bDLC
082 0 4 _a954.41
100 1 _aMusharraf, Pervez.
_913067
245 1 0 _aIn the line of fire: a memoir
_cPervez Musharraf.
260 _aLondon :
_bSimon & Schuster,
_c2006.
300 _axii, 352 s. :
_bill.
600 1 0 _aMusharraf, Pervez.
_913067
650 0 _aPresidents
_zPakistan
_947048
651 0 _aPakistan
_xPolitics and government
_y1988-
_9384
651 0 _aPakistan
_xHistory
_y21st century.
_9118581
651 0 _aPakistan
_xHistory
_y20th century.
_913140
651 0 _aPakistan
_xhistory
_xinternal politics
_xnuclear wepons
_xnuclear strategy
_xproliferation
_xterrorism
_xgovernment
_9118582
651 0 _aSouth Asia
_xregional conflicts
_zKashmir
_zIndia
_zPakistan
_9118583
651 0 _aPakistan
_xforeign policy
_zUSA
_9118584
942 _cBK
_k954.91053 MUS
_2ddc
999 _c5164
_d5164